| 000 | 00723nam a2200229Ia 4500 | ||
|---|---|---|---|
| 001 | Z_5348 | ||
| 008 | 220113s1998 xx 000 0 und d | ||
| 010 | _a168415 | ||
| 020 | _a84-200-0857-5 | ||
| 082 | _a636.2 P45 | ||
| 100 |
_aPhillips, C. J. C. _987804 |
||
| 245 |
_aAvances de la ciencia de la producción lechera / _cCoord. C. J. C. Phillips |
||
| 260 |
_aZaragoza : _bAcribia, _c1998 |
||
| 300 | _a417 p. | ||
| 503 | _a225798 | ||
| 650 |
_aGanado lechero _xAlimentaciónGanado lechero _xAnatomía y fisiologíaGanado lechero _xReproducciónGanado lechero _xEnfermedadesLeche _xProducciónBiotecnología animal _9142723 |
||
| 901 | _a636.2 P45 | ||
| 902 | _aM | ||
| 910 | _a1998 | ||
| 942 | _cc1 | ||
| 999 |
_c168415 _d168415 |
||